| 000 | 00417nam a2200133Ia 4500 | ||
|---|---|---|---|
| 999 |
_c13935 _d13935 |
||
| 082 | _aRS.0118 | ||
| 100 | _aSeshagiri Rao, K. and others | ||
| 245 | 0 | _aExperimentation of alternative strategies in family planning: The evaluation | |
| 260 |
_c1979 _bPopulation Research Centre, Bangalore |
||
| 300 | _a125p. | ||
| 650 | _aFAMILY PLANNING - INDIA | ||
| 710 | _aPopulation Research Centre, Bangalore | ||
| 942 |
_cRP _2ddc |
||